| 000 | 00406nam a22001457a 4500 | ||
|---|---|---|---|
| 003 | OSt | ||
| 005 | 20140311163158.0 | ||
| 008 | 140227t xxu||||| |||| 00| 0 eng d | ||
| 050 |
_aPE 1128.A2 _b.T43 199- |
||
| 245 | _aTeaching English as a second language 98/99 / | ||
| 260 |
_aGuilford, CT : _bDushkin/McGraw-Hill, _cc199-. |
||
| 300 |
_a245 p. : _bill. ; _c28 cm. |
||
| 942 |
_2lcc _cBK-TR |
||
| 999 |
_c42431 _d42431 |
||